El apóstol aguila (Registro nro. 84400)
[ vista simple ]
| 000 -ENCABEZADO | |
|---|---|
| Número de control [NR] | 00881nam a22002417a 4500 |
| 008 - DE LONGITUD FIJA DE DATOS DE ELEMENTOS - INFORMACIÓN GENERAL | |
| Elementos de longitud fija [NR] | 130821s1945 ck gr dspa |
| 040 ## - FUENTE DE CATALOGACION [NR] | |
| Agencia de catalogación original [NR] | Co-BoUCM |
| Idioma de catalogación [NR] | spa |
| 041 00 - CODIGO DE IDIOMA [R] | |
| Código de idioma para texto/pista de sonido o título separado [R] | Español |
| 092 ## - SIGNATURA TOPOGRAFICA LOCAL | |
| Número de clasificación local | FM 000515 |
| 100 ## - ASIENTO PRINCIPAL--NOMBRE PERSONAL [NR] | |
| Nombre personal [NR] | Baunard, Luis |
| ID Autoridad | 148425 |
| 245 03 - MENCION DE TITULO [NR] | |
| Título [NR] | El apóstol aguila |
| Parte restante del título [NR] | San Juan Evangelista |
| Mención de responsabilidad, etc. [NR] | Luis Baunard, tradujo Antonio Forero |
| 260 ## - PUBLICACION, DISTRIBUCION, ETC. (PIE DE IMPRENTA) [R] | |
| Lugar de publicación, distribución, etc. [R] | Bogotá (Colombia) |
| Nombre del editor, distribuidor, etc. [R] | Aguila |
| Fecha de publicación, distribución, etc. [R] | 1945 |
| 300 ## - DESCRIPCION FISICA [R] | |
| Extensión [R] | xvi, 374 páginas |
| 500 ## - NOTA GENERAL [R] | |
| Nota general [NR] | Incluye bibliografía e índice. -- Este libro se encuentra en el depósito de la biblioteca |
| 600 ## - ASIENTO SECUNDARIO DE MATERIA - NOMBRE PERSONAL [R] | |
| Nombre personal [NR] | Juan Evangelista |
| Títulos y otras palabras asociadas con el nombre [R] | Santo |
| 9 (RLIN) | 2009 |
| 600 ## - ASIENTO SECUNDARIO DE MATERIA - NOMBRE PERSONAL [R] | |
| Nombre personal [NR] | Juan Evangelista |
| Títulos y otras palabras asociadas con el nombre [R] | Santo |
| Subdivisión de forma [R] | Biografías |
| 9 (RLIN) | 148426 |
| 600 ## - ASIENTO SECUNDARIO DE MATERIA - NOMBRE PERSONAL [R] | |
| Nombre personal [NR] | Juan Evangelista |
| Títulos y otras palabras asociadas con el nombre [R] | Santo |
| Subdivisión general [R] | Crítica e interpretación, etc. |
| 9 (RLIN) | 148427 |
| 650 04 - ASIENTO SECUNDARIO DE MATERIA - TERMINO TEMATICO [R] | |
| Término temático o nombre geográfico como elemento de entrada [NR] | Apóstoles |
| 9 (RLIN) | 9249 |
| 650 04 - ASIENTO SECUNDARIO DE MATERIA - TERMINO TEMATICO [R] | |
| Término temático o nombre geográfico como elemento de entrada [NR] | Biografías |
| 9 (RLIN) | 7343 |
| 650 04 - ASIENTO SECUNDARIO DE MATERIA - TERMINO TEMATICO [R] | |
| Término temático o nombre geográfico como elemento de entrada [NR] | Evangelistas |
| 9 (RLIN) | 15348 |
| 700 ## - ASIENTO SECUNDARIO - NOMBRE PERSONAL [R] | |
| Nombre personal [NR] | Forero, Antonio. |
| Término de relación [R] | |
| 9 (RLIN) | 148428 |
| 942 ## - ELEMENTOS DE ENTRADA AGREGADOS (KOHA) | |
| Tipo de ítem principal el descrito en 300a | Libro |
| Tema principal | [No clasificado] |
| Edición | 1 |
| Título oculto en OPAC | No |
| Signatura topográfica | Código de barras | Última vez visto | Volúmen / Fascículo | Ejemplar | Price effective from | Tipo de ítem | Perdido | Sistema de clasificación | Dañado | No prestable | Tipo de ítem específico | Suprimido | Ubicación habitual | Ubicación actual | Localización | Fecha de creación | Forma de adquisición | Costo |
|---|---|---|---|---|---|---|---|---|---|---|---|---|---|---|---|---|---|---|
| ~ | 120056552 | 29/06/2012 | FM 000515 | Ej.1 | 03/02/2013 | Libro | LOCAL | Fondos especiales | Archivo Histórico | Archivo histórico | 28/02/2003 | Donación | 10000.00 |